000 00790nas a2200265 4500
001 BR9704227
003 BR-BrBNA
005 20231205100507.0
007 ta
008 230509b bl.|||p| |||| 00| 00por d
040 _aBR-BrBNA
_bpor
_cBiblioteca Nacional de Agricultura
041 _a(Pt)
072 _aL70
100 1 _aSilveira, A.K. da
100 1 _aSantos, V. de C.
100 1 _aSilveira, J.M.S.
245 1 _aTratamento cirurgico da ferida acidental de teta na vaca lactante
650 _aVaca
650 _aLesao
650 _aCirurgia
650 _aGlandula Mamaria
773 0 _tRevista Brasileira de Medicina Veterinaria (Brazil)
_xISSN 0100-2430
_g(Mar-Apr 1997), v. 19(2) p. 67-69
_wBR9704227
909 _a202311
_bLúcia
_c55
_dLúcia Elande
942 _2AGRIS
_n0
_cANA
999 _c156342
_d156342